000 00381nam a2200157Ia 4500
008 230917s9999||||xx |||||||||||||| ||und||
040 _e185417
_aMAIN
041 _aEnglish
082 _a942 C547O
100 _aTaylor, A J P
245 0 _aEnglish History 1914-1945
250 _a2nd ed.
260 _aOxford,
_bClarendon Press
_c1976
300 _axxvii, 719 p.
942 _cBK
999 _c182954
_d182954